Training in government: objectives and opportunities (Record no. 475935)

000 -LEADER
fixed length control field 00432cam a22001217a 4500
008 - FIXED-LENGTH DATA ELEMENTS--GENERAL INFORMATION
fixed length control field 180718b1985 xxu||||| |||| 00| 0 eng d
082 ## - DEWEY DECIMAL CLASSIFICATION NUMBER
Classification number K5:K1x54 In2
245 ## - TITLE STATEMENT
Title Training in government: objectives and opportunities
Statement of responsibility, etc. edited by A.P. Saxena
260 ## - PUBLICATION, DISTRIBUTION, ETC.
Place of publication, distribution, etc. New Delhi
Name of publisher, distributor, etc. Indian Institute of Public Administration
Date of publication, distribution, etc. 1985
300 ## - PHYSICAL DESCRIPTION
Extent 354p.
650 ## - SUBJECT ADDED ENTRY--TOPICAL TERM
Topical term or geographic name entry element Personnel management --Public servants --Training of --India
700 ## - ADDED ENTRY--PERSONAL NAME
Personal name Saxena, A.P
Holdings
Withdrawn status Lost status Damaged status Not for loan Permanent Location Current Location Date acquired Full call number Barcode Date last seen Price effective from Koha item type Source of classification or shelving scheme
        Indian Institute of Public Administration Indian Institute of Public Administration 2018-08-04 K5:K1x54 In2 GR18214 2018-08-04 2018-08-04 GR  
        Indian Institute of Public Administration Indian Institute of Public Administration 2018-08-04 K5:K1x54 In2 GR18130 2018-08-04 2018-08-04 GR  
        Indian Institute of Public Administration Indian Institute of Public Administration 2021-02-08 TNC K5:K1x54 In2 GR22744 2021-02-08 2021-02-08 GR  

Powered by Koha